All ATP Top 20 Players in the 2010s - Statistics

General Stats
  • This quiz has been taken 85 times
  • The average score is 39 of 76
Answer Stats
Career High Weeks Player % Correct
923* Novak Djokovic
100%
938 Rafael Nadal
100%
Nr. 1 1064 Roger Federer
100%
598 Andy Murray
98%
302* Daniil Medvedev
94%
484* Stan Wawrinka
92%
379 Juan Martín del Potro
89%
315 Dominic Thiem
87%
Nr. 2 381* Alexander Zverev
85%
Nr. 3 590 David Ferrer
85%
482* Marin Čilić
83%
Nr. 6 454* Gaël Monfils
79%
Nr. 5 523 Jo-Wilfried Tsonga
79%
546 Andy Roddick
77%
Nr. 8 414 John Isner
75%
372* Kei Nishikori
75%
Nr. 13 109* Nick Kyrgios
75%
312* Stefanos Tsitsipas
74%
Nr. 4 583 Tomáš Berdych
72%
352* Grigor Dimitrov
68%
408 Lleyton Hewitt
68%
316 Juan Carlos Ferrero
62%
244 Kevin Anderson
60%
358* Milos Raonic
60%
371 David Nalbandian
58%
196 Diego Schwartzman
58%
Nr. 7 421 Richard Gasquet
58%
157 Robin Söderling
58%
302 Nikolay Davydenko
57%
220* Fabio Fognini
55%
168* Félix Auger-Aliassime
55%
184 Fernando Verdasco
55%
276* David Goffin
53%
84 Jack Sock
53%
165* Matteo Berrettini
53%
137* Denis Shapovalov
51%
309 Gilles Simon
51%
Nr.10 209* Pablo Carreño Busta
51%
125* Alex de Minaur
49%
200* Karen Khachanov
49%
Nr. 9 319* Roberto Bautista Agut
49%
Nr. 11 90 Sam Querrey
45%
88* Borna Ćorić
43%
138 Mardy Fish
43%
373 Tommy Haas
43%
Nr. 12 117 Feliciano López
38%
37 Philipp Kohlschreiber
38%
317 Fernando González
36%
206 Ivan Ljubičić
36%
105 Janko Tipsarević
36%
246 Nicolás Almagro
36%
55 Ernests Gulbis
34%
125 Marcos Baghdatis
34%
17* Benoît Paire
32%
Nr. 14 44 Ivo Karlović
32%
26 Jerzy Janowicz
32%
106* Lucas Pouille
32%
Nr. 17 36* Bernard Tomic
30%
236 Mikhail Youzhny
30%
395 Tommy Robredo
30%
37* Kyle Edmund
28%
157 Radek Štěpánek
28%
70 Jürgen Melzer
26%
45 Viktor Troicki
26%
15 Andreas Seppi
25%
10* Hyeon Chung
25%
9* Albert Ramos Viñolas
23%
71 Alexandr Dolgopolov
23%
Nr. 20 6 Guido Pella
23%
95 Juan Mónaco
23%
Nr. 18 20 Florian Mayer
21%
33* Marco Cecchinato
19%
2 Marcel Granollers
17%
Nr. 19 11 Pablo Cuevas
17%
Nr. 16 47* Nikoloz Basilashvili
15%
Nr. 15 51 Juan Ignacio Chela
11%
No matching quizzes found
Score Distribution
Percent of People with Each Score
Percentile by Number Answered
Your Score History
You have not taken this quiz